|
|
|
|
| LEADER |
00000nab a2200000 a 4500 |
| 001 |
vtls000223433 |
| 003 |
SK-MaSNL |
| 005 |
20260304071016.0 |
| 008 |
250422c1985 xo 0 slo |
| 015 |
|
|
|a SNBRB19rr/mm-uuuuu
|
| 035 |
|
|
|a CL0233547
|
| 035 |
|
|
|a urn:nbn:sk:snk-ab2pbt
|
| 035 |
|
|
|a (urnnbn)urn:nbn:sk:snk:ar-a02q5o
|
| 035 |
|
|
|a (uuid)95d452a9-cd1f-4028-af98-87f332f7d4a4
|
| 040 |
|
|
|a SNKBUCL
|b slo
|c SNKBUCL
|e AACR2
|
| 041 |
0 |
|
|a slo
|
| 044 |
|
|
|a xo
|c SK
|
| 080 |
|
|
|a 633.11
|2 1981
|
| 080 |
|
|
|a 631.675
|2 1981
|
| 080 |
|
|
|a 631.16
|2 1981
|
| 100 |
1 |
|
|a Fojtík, Štefan
|4 aut
|9 325427
|
| 245 |
1 |
0 |
|a Pestovanie ozimnej pšenice v optimálnom prostredí závlah
|c Štefan Fojtík
|
| 300 |
|
|
|b Tb. 5.
|
| 650 |
0 |
7 |
|a ozimná pšenica
|2 snkbucl
|9 28625
|
| 650 |
0 |
7 |
|a závlahy
|2 snkbucl
|9 13225
|
| 655 |
|
7 |
|a články z novín a časopisov
|2 snkbucl
|9 267496
|
| 773 |
0 |
|
|t Ekonomika poľnohospodárstva
|g Roč. 24, č. 8 (1985), s. 377-380
|
| 850 |
|
|
|a Slovenská národná knižnica
|
| 852 |
|
|
|a Slovenská národná knižnica
|
| 954 |
|
|
|a odborná, vedecká literatúra pôvodná (slovenská)
|2 lita
|
| 958 |
|
|
|a article27
|
| 958 |
|
|
|a RK
|
| 958 |
|
|
|a OND
|
| 958 |
|
|
|a EUIPO
|
| 992 |
|
|
|a RBX
|
| 999 |
|
|
|c 2758433
|d 2760363
|